Cooperative labour - Management relations in the American automobile industry (Record no. 11951)

000 -LEADER
fixed length control field 00415pab a2200133 454500
008 - FIXED-LENGTH DATA ELEMENTS--GENERAL INFORMATION
fixed length control field 180718b1983 xxu||||| |||| 00| 0 eng d
100 ## - MAIN ENTRY--PERSONAL NAME
Personal name Sahab Dayal
245 ## - TITLE STATEMENT
Title Cooperative labour - Management relations in the American automobile industry
Remainder of title The quality of work life approach
260 ## - PUBLICATION, DISTRIBUTION, ETC.
Date of publication, distribution, etc. 1983
300 ## - PHYSICAL DESCRIPTION
Extent 79-90
650 ## - SUBJECT ADDED ENTRY--TOPICAL TERM
Topical term or geographic name entry element Labour Relations - U.S.A.
773 ## - HOST ITEM ENTRY
Main entry heading Indian Journal of Economics
909 ## -
-- 11951
Holdings
Withdrawn status Lost status Damaged status Not for loan Permanent Location Current Location Date acquired Serial Enumeration / chronology Barcode Date last seen Price effective from Koha item type
        Indian Institute of Public Administration Indian Institute of Public Administration 2018-07-19 Volume no: 64, Issue no: 252 AR11992 2018-07-19 2018-07-19 Articles

Powered by Koha